| 000 | 00568nam a2200193 i 4500 | ||
|---|---|---|---|
| 001 | 142348 | ||
| 003 | ES-MaACL | ||
| 005 | 20230906200511.0 | ||
| 007 | t| | ||
| 008 | 071004s1973 sp ||||1| spa d | ||
| 100 | 1 |
_aVila-Matas, Enrique. _9114728 |
|
| 245 | 1 | 0 |
_aMujer en el espejo contemplando el paisaje / _cEnrique Vila-Matas. |
| 260 |
_a[Barcelona] : _bTusquets, _c[1973] |
||
| 300 |
_a73 p. ; _c18 cm. |
||
| 490 | 1 |
_aCuadernos ínfimos ; _v40 |
|
| 830 | 0 |
_aCuadernos ínfimos ; _v40 _9180855 |
|
| 852 |
_aES-MaACL _jC-53726 _bR.86698 |
||
| 999 |
_c142348 _d142348 |
||